Normal view
MARC view
- الاحصاء الرياضي
Entry Topical Term
001 - CONTROL NUMBER
- control field: 15349
003 - CONTROL NUMBER IDENTIFIER
- control field: JO-AjAnu
005 - DATE AND TIME OF LATEST TRANSACTION
- control field: 20230606072741.0
008 - FIXED-LENGTH DATA ELEMENTS
- fixed length control field: 230606|| aca||aabn | a|a d
040 ## - CATALOGING SOURCE
- Original cataloging agency: JO-AjAnu
- Transcribing agency: JO-AjAnu
150 ## - HEADING--TOPICAL TERM
- Topical term or geographic name entry element: الاحصاء الرياضي
670 ## - SOURCE DATA FOUND
- Source citation: Work cat.: (JO-AjAnu)7880: ابوصالح،محمد صبحي/عدنان محمد عوض, author 15348, مبادىء الاحصاء: الاحصاءات المالية والادارية والحيوية، ج2